Microwave engineering passive circuits (Record no. 12418)

MARC details
000 -LEADER
fixed length control field 00366nam a2200145Ia 4500
008 - FIXED-LENGTH DATA ELEMENTS--GENERAL INFORMATION
fixed length control field 230312s9999||||xx |||||||||||||| ||und||
020 ## - INTERNATIONAL STANDARD BOOK NUMBER
International Standard Book Number 0-13-586702-9
082 ## - DEWEY DECIMAL CLASSIFICATION NUMBER
Classification number 621.381
Item number PET-M
100 ## - MAIN ENTRY--PERSONAL NAME
Personal name Rizzi;Peter,A
245 #0 - TITLE STATEMENT
Title Microwave engineering passive circuits
260 ## - PUBLICATION, DISTRIBUTION, ETC.
Name of publisher, distributor, etc. Prentice
Place of publication, distribution, etc. UK
Date of publication, distribution, etc. 1988
300 ## - PHYSICAL DESCRIPTION
Extent 572
650 ## - SUBJECT ADDED ENTRY--TOPICAL TERM
Topical term or geographic name entry element Engineering
Form subdivision Avionics
942 ## - ADDED ENTRY ELEMENTS (KOHA)
Koha item type BOOK
Holdings
Withdrawn status Lost status Source of classification or shelving scheme Damaged status Not for loan Home library Current library Date acquired Total Checkouts Full call number Barcode Date last seen Price effective from Koha item type
    Dewey Decimal Classification     Superior Information Resource Center (SIRC) Superior University- Central Library Superior Information Resource Center (SIRC) Superior University- Central Library 03/13/2023   621.381 PET-M 12549 03/13/2023 03/13/2023 BOOK

Powered by Koha